000 00285nam a2200121Ia 4500
008 231011s9999 xx 000 0 und d
041 _aeng
100 _aGladwell Malcolm
245 _aThe Tipping Point
260 _bAbacus Publication London
_c2010
300 _a279
365 _b236
999 _c895669
_d895669